| 000 | 00627nam a22002297a 4500 | ||
|---|---|---|---|
| 003 | BD-DhJNU | ||
| 005 | 20251012065817.0 | ||
| 008 | 251012b |||||||| |||| 00| 0 eng d | ||
| 020 | _a0387290966 | ||
| 020 | _a9780387290966 | ||
| 040 |
_aBD-DhJNU _bENG _cBD-DhJNU _dBD-DhJNU |
||
| 082 |
_223 _a536.25 |
||
| 100 | _aNield, Donald A | ||
| 245 |
_aConvection in porous media / _cDonald A. Nield and Adrian Bejan |
||
| 250 | _a3rd ed. | ||
| 260 |
_aAmerica : _bSpringer, _c2006. |
||
| 300 |
_axxiii, 640 p. : _bill. ; _c25 cm. |
||
| 504 | _aincludes index | ||
| 650 | _aMedia | ||
| 700 | _aBejan, Adrian | ||
| 942 |
_2ddc _cBK _n0 |
||
| 999 |
_c2253 _d2253 |
||